Giáo trình toán cao cấp ( D ) Dùng cho sinh viên đại học đại cương - Chương trình 5, 6, 7

שמור ב:
מידע ביבליוגרפי
מחבר ראשי: Đậu Thế Cấp
פורמט: ספר
שפה:Undetermined
יצא לאור: Tp. HCM Trẻ 1997
נושאים:
תגים: הוספת תג
אין תגיות, היה/י הראשונ/ה לתייג את הרשומה!
Thư viện lưu trữ: Trung tâm Học liệu Trường Đại học Cần Thơ
LEADER 00593nam a2200181Ia 4500
001 CTU_21367
008 210402s9999 xx 000 0 und d
082 |a 515 
082 |b C123 
100 |a Đậu Thế Cấp 
245 0 |a Giáo trình toán cao cấp ( D ) 
245 0 |b Dùng cho sinh viên đại học đại cương - Chương trình 5, 6, 7 
245 0 |c Đậu Thế Cấp, Lê Quang Hoàng Nhân 
260 |a Tp. HCM 
260 |b Trẻ 
260 |c 1997 
650 |a mathematical analysis 
980 |a Trung tâm Học liệu Trường Đại học Cần Thơ